From solidarity to cooperation: the German case.

Ekonomické podmienky solidarity a ekonomickej spolupráce medzi východným a západným Nemeckom. "Neúčasť a ľahostajnosť" východného Nemecka v pomere k západnému Nemecku. Analýza situácie po októbri 1989. Ekonomické perspektívy východného a západného Nemecka po r. 1989.

Salvato in:
Dettagli Bibliografici
Autore principale: Schramm, F.
Altri autori: Schlese, M.
Natura: Capitolo di libro
Lingua:inglese
Soggetti:
Tags: Aggiungi Tag
Nessun Tag, puoi essere il primo ad aggiungerne!!

MARC

LEADER 00000naa a2200000 4500
001 r009021
005 20221213084925.6
041 0 |a eng 
044 |a GB 
245 1 0 |a From solidarity to cooperation: the German case.  |c F. Schramm, M. Schlese 
520 |a Ekonomické podmienky solidarity a ekonomickej spolupráce medzi východným a západným Nemeckom. "Neúčasť a ľahostajnosť" východného Nemecka v pomere k západnému Nemecku. Analýza situácie po októbri 1989. Ekonomické perspektívy východného a západného Nemecka po r. 1989. 
610 2 0 |a integrácia 
610 2 0 |a Nemecko 
610 2 0 |a reformy hospodárske 
610 2 0 |a 1989-1992 
610 2 0 |a východné Nemecko 
610 2 0 |a politika vnútorná 
610 2 0 |a kooperácia 
610 2 0 |a politika hospodárska 
100 1 |a Schramm, F. 
700 1 |a Schlese, M.